<?xml version="1.0" encoding="UTF-8"?>
<record
    xmlns:xsi="http://www.w3.org/2001/XMLSchema-instance"
    xsi:schemaLocation="http://www.loc.gov/MARC21/slim http://www.loc.gov/standards/marcxml/schema/MARC21slim.xsd"
    xmlns="http://www.loc.gov/MARC21/slim">

  <leader>00943nam a22001937a 4500</leader>
  <controlfield tag="001">10103</controlfield>
  <controlfield tag="003">FISKH</controlfield>
  <controlfield tag="005">20260408124042.0</controlfield>
  <controlfield tag="008">260408b        cb ||||| |||| 00| 0 eng d</controlfield>
  <datafield tag="020" ind1=" " ind2=" ">
    <subfield code="a">9787802467910</subfield>
  </datafield>
  <datafield tag="040" ind1=" " ind2=" ">
    <subfield code="a">FISKH</subfield>
    <subfield code="b">chi</subfield>
    <subfield code="c">FISKH</subfield>
    <subfield code="d">FISKH</subfield>
  </datafield>
  <datafield tag="082" ind1=" " ind2=" ">
    <subfield code="a">895.6</subfield>
  </datafield>
  <datafield tag="100" ind1=" " ind2=" ">
    <subfield code="a">&#x4E24;&#x8272;&#x98CE;&#x666F;</subfield>
  </datafield>
  <datafield tag="245" ind1=" " ind2=" ">
    <subfield code="a">&#x7EDD;&#x4EA4; /</subfield>
    <subfield code="c">By &#x4E24;&#x8272;&#x98CE;&#x666F;</subfield>
  </datafield>
  <datafield tag="300" ind1=" " ind2=" ">
    <subfield code="a">32 unnumbered pages : </subfield>
    <subfield code="b">color illustrations ; </subfield>
    <subfield code="c">25 cm .</subfield>
  </datafield>
  <datafield tag="520" ind1=" " ind2=" ">
    <subfield code="a">&#x300A;&#x7EDD;&#x4EA4;&#x300B;&#x662F;&#x4E00;&#x672C;&#x9762;&#x5411;&#x4F4E;&#x5E7C;&#x513F;&#x7AE5;&#x7684;&#x56FE;&#x753B;&#x4E66;&#xFF0C;&#x901A;&#x8FC7;&#x751F;&#x52A8;&#x7684;&#x6545;&#x4E8B;&#x548C;&#x63D2;&#x56FE;&#x8BB2;&#x8FF0;&#x4E86;&#x5C0F;&#x670B;&#x53CB;&#x4E4B;&#x95F4;&#x56E0;&#x8BEF;&#x4F1A;&#x6216;&#x4E89;&#x5435;&#x800C;&#x4EA7;&#x751F;&#x77DB;&#x76FE;&#x3001;&#x751A;&#x81F3;&#x201C;&#x7EDD;&#x4EA4;&#x201D;&#x7684;&#x7ECF;&#x5386;&#x3002;&#x6545;&#x4E8B;&#x56F4;&#x7ED5;&#x4E24;&#x4E2A;&#x89D2;&#x8272;&#x5C55;&#x5F00;&#xFF0C;&#x4ED6;&#x4EEC;&#x5728;&#x7ECF;&#x5386;&#x8BEF;&#x4F1A;&#x548C;&#x51B2;&#x7A81;&#x540E;&#xFF0C;&#x901A;&#x8FC7;&#x6C9F;&#x901A;&#x4E0E;&#x7406;&#x89E3;&#x91CD;&#x65B0;&#x5EFA;&#x7ACB;&#x53CB;&#x8C0A;&#x3002;&#x7ED8;&#x672C;&#x5F3A;&#x8C03;&#x53CB;&#x60C5;&#x7684;&#x73CD;&#x8D35;&#x3001;&#x7406;&#x89E3;&#x4E0E;&#x5305;&#x5BB9;&#x7684;&#x91CD;&#x8981;&#x6027;&#xFF0C;&#x5E76;&#x901A;&#x8FC7;&#x6E29;&#x6696;&#x7684;&#x753B;&#x9762;&#x548C;&#x7B80;&#x6D01;&#x7684;&#x6587;&#x5B57;&#xFF0C;&#x5E2E;&#x52A9;&#x5B69;&#x5B50;&#x5B66;&#x4F1A;&#x5904;&#x7406;&#x4EBA;&#x9645;&#x5173;&#x7CFB;&#x3001;&#x7406;&#x89E3;&#x4ED6;&#x4EBA;&#x611F;&#x53D7;&#x548C;&#x73CD;&#x60DC;&#x53CB;&#x8C0A;&#x3002;</subfield>
  </datafield>
  <datafield tag="942" ind1=" " ind2=" ">
    <subfield code="2">ddc</subfield>
    <subfield code="c">BOOK</subfield>
    <subfield code="n">0</subfield>
  </datafield>
  <datafield tag="999" ind1=" " ind2=" ">
    <subfield code="c">10103</subfield>
    <subfield code="d">10103</subfield>
  </datafield>
  <datafield tag="952" ind1=" " ind2=" ">
    <subfield code="0">0</subfield>
    <subfield code="1">0</subfield>
    <subfield code="2">ddc</subfield>
    <subfield code="4">0</subfield>
    <subfield code="7">0</subfield>
    <subfield code="8">REF</subfield>
    <subfield code="a">002</subfield>
    <subfield code="b">002</subfield>
    <subfield code="c">LSHTTP</subfield>
    <subfield code="d">2026-04-08</subfield>
    <subfield code="l">0</subfield>
    <subfield code="o">&#x4E24;&#x8272;&#x98CE;&#x666F;  895.6</subfield>
    <subfield code="p">2026-0475</subfield>
    <subfield code="r">2026-04-08 12:40:39</subfield>
    <subfield code="w">2026-04-08</subfield>
    <subfield code="y">BOOK</subfield>
  </datafield>
</record>
